South Florida Football: Top 10 All-Time Leaders - Statistics

General Stats
  • This quiz has been taken 6 times
  • The average score is 26 of 60
Answer Stats
Category # Player Amount % Correct
Passing Yards 5 Byrum Brown 6,227
100%
Tackles 10 Anthony Williams 276
60%
Rushing Yards 10 D'Ernest Johnson 1,796
60%
Receiving Yards 8 Hugh Smith 1,460
60%
Passing Yards 9 Mike White 2,722
60%
Passing Yards 3 Quinton Flowers 8,130
60%
Rushing Yards 1 Quinton Flowers 3,672
60%
Receiving Yards 1 Sean Atkins 2,167
60%
Receiving Yards 10 Taurus Johnson 1,434
60%
Interceptions 2 Trae Williams 16
60%
Receiving Yards 2 Andre Davis 2,136
40%
Rushing Yards 3 Andre Hall 2,731
40%
Interceptions 4 Anthony Henry 10
40%
Tackles 1 Auggie Sanchez 388
40%
Tackles 4 Ben Moffitt 335
40%
Passing Yards 2 B.J. Daniels 8,433
40%
Rushing Yards 6 B.J. Daniels 2,068
40%
Passing Yards 7 Blake Barnett 3,139
40%
Rushing Yards 7 Brian Battie 1,841
40%
Sacks T5 Bruce Hector 18.0
40%
Passing Yards 10 Bryce Archie 1,967
40%
Receiving Yards 6 Carlton Mitchell 1,648
40%
Sacks 10 Chris Daley 13.5
40%
Rushing Yards 8 Darius Tice 1,817
40%
Interceptions 3 Deatrick Nichols 11
40%
Tackles 3 DeDe Lattimore 337
40%
Sacks 8 DeDe Lattimore 15.0
40%
Interceptions T5 Devin Abraham 9
40%
Receiving Yards 7 Dontavia Bogan 1,534
40%
Tackles 7 Dwayne Boyles 308
40%
Sacks 1 George Selvie 29.0
40%
Sacks 9 Greg Walls 14.5
40%
Receiving Yards 9 Huey Whittaker 1,447
40%
Interceptions T7 Jerome Murphy 8
40%
Rushing Yards 9 Jordan Cronkrite 1,807
40%
Passing Yards 8 Jordan McCloud 2,770
40%
Tackles 8 J.R. Reed 301
40%
Interceptions 1 J.R. Reed 18
40%
Tackles 2 Kawika Mitchell 367
40%
Rushing Yards 4 Kelley Joiner 2,211
40%
Rushing Yards 2 Marlon Mack 3,609
40%
Passing Yards 4 Marquel Blackwell 7,488
40%
Passing Yards 1 Matt Grothe 8,669
40%
Rushing Yards 5 Matt Grothe 2,206
40%
Tackles 9 Maurice Jones 285
40%
Interceptions T5 Nate Allen 9
40%
Passing Yards 6 Pat Julmiste 3,642
40%
Receiving Yards 3 Rodney Adams 1,967
40%
Interceptions T7 Ron Hemingway 8
40%
Interceptions T7 Ronnie Hoggins 8
40%
Tackles 6 Roy Manns 317
40%
Interceptions T7 Roy Manns 8
40%
Sacks T3 Ryne Giddins 19.5
40%
Sacks 7 Shawn Hay 17.0
40%
Sacks T5 Shurron Pierson 18.0
40%
Tackles 5 Stephen Nicholas 326
40%
Sacks 2 Stephen Nicholas 20.0
40%
Sacks T3 Terrence Royal 19.5
40%
Receiving Yards 4 Tyree McCants 1,851
40%
Receiving Yards 5 Xavier Weaver 1,735
40%
No matching quizzes found
Score Distribution
Percent of People with Each Score
Percentile by Number Answered
Your Score History
You have not taken this quiz